UBT Library

Winning more business in financial services : (Record no. 556)

000 -LEADER
fixed length control field 00570nam a22001937a 4500
008 - FIXED-LENGTH DATA ELEMENTS--GENERAL INFORMATION
fixed length control field 150327b xxu||||| |||| 00| 0 eng d
020 ## - INTERNATIONAL STANDARD BOOK NUMBER
International Standard Book Number 9780071791847
041 0# - LANGUAGE CODE
Language code of text/sound track or separate title eng
080 ## - UNIVERSAL DECIMAL CLASSIFICATION NUMBER
Universal Decimal Classification number 336
100 ## - Rafti
Rafti Salmon, Michael,
245 ## - TITLE STATEMENT
Title Winning more business in financial services :
260 ## -
-- New York :
-- McGraw-Hill,
-- 2012.
300 ## -
-- 224 f.:
-- me il.;
-- 24 cm.
500 ## -
-- Preface: f. V-VI
505 ## -
-- Index: f. 219-224
650 #0 -
-- Investime
650 #0 -
-- Marketing
942 ## - ADDED ENTRY ELEMENTS (KOHA)
Source of classification or shelving scheme
Item type Books
Holdings
Withdrawn status Lost status Source of classification or shelving scheme Damaged status Not for loan Collection code Permanent location Current location Shelving location Date acquired Total Checkouts Full call number Barcode Date last seen Price effective from Koha item type
          Koleksioni i përgjithshem UBT - Lipjan UBT - Lipjan Koleksioni i përgjithshem 04/02/2015   336 SAL 002-001147 04/02/2015 04/02/2015 Books
          Koleksioni i përgjithshem UBT - Lipjan UBT - Lipjan Koleksioni i përgjithshem 04/02/2015   336 SAL 002-001146 04/02/2015 04/02/2015 Books
          Koleksioni i përgjithshem UBT - Lipjan UBT - Lipjan Koleksioni i përgjithshem 04/02/2015   336 SAL 002-001170 04/02/2015 04/02/2015 Books
          Koleksioni i përgjithshem UBT - Lipjan UBT - Lipjan Koleksioni i përgjithshem 04/02/2015   336 SAL 002-001165 04/02/2015 04/02/2015 Books
          Koleksioni i përgjithshem UBT - Lipjan UBT - Lipjan Koleksioni i përgjithshem 04/02/2015   336 SAL 002-001160 04/02/2015 04/02/2015 Books
          Koleksioni i përgjithshem UBT - Lipjan UBT - Lipjan Koleksioni i përgjithshem 04/02/2015   336 SAL 002-001169 04/02/2015 04/02/2015 Books
          Koleksioni i përgjithshem UBT - Lipjan UBT - Lipjan Koleksioni i përgjithshem 04/02/2015   336 SAL 002-001164 04/02/2015 04/02/2015 Books
          Koleksioni i përgjithshem UBT - Lipjan UBT - Lipjan Koleksioni i përgjithshem 04/02/2015   336 SAL 002-001159 04/02/2015 04/02/2015 Books
          Koleksioni i përgjithshem UBT - Lipjan UBT - Lipjan Koleksioni i përgjithshem 04/02/2015   336 SAL 002-001168 04/02/2015 04/02/2015 Books
          Koleksioni i përgjithshem UBT - Lipjan UBT - Lipjan Koleksioni i përgjithshem 04/02/2015   336 SAL 002-001163 04/02/2015 04/02/2015 Books
          Koleksioni i përgjithshem UBT - Lipjan UBT - Lipjan Koleksioni i përgjithshem 04/02/2015   336 SAL 002-001158 04/02/2015 04/02/2015 Books
          Koleksioni i përgjithshem UBT - Lipjan UBT - Lipjan Koleksioni i përgjithshem 04/02/2015   336 SAL 002-001167 04/02/2015 04/02/2015 Books
          Koleksioni i përgjithshem UBT - Lipjan UBT - Lipjan Koleksioni i përgjithshem 04/02/2015   336 SAL 002-001162 04/02/2015 04/02/2015 Books
          Koleksioni i përgjithshem UBT - Lipjan UBT - Lipjan Koleksioni i përgjithshem 04/02/2015   336 SAL 002-001157 04/02/2015 04/02/2015 Books
          Koleksioni i përgjithshem UBT - Lipjan UBT - Lipjan Koleksioni i përgjithshem 04/02/2015   336 SAL 002-001166 04/02/2015 04/02/2015 Books
          Koleksioni i përgjithshem UBT - Lipjan UBT - Lipjan Koleksioni i përgjithshem 04/02/2015   336 SAL 002-001161 04/02/2015 04/02/2015 Books
          Koleksioni i përgjithshem UBT - Lipjan UBT - Lipjan Koleksioni i përgjithshem 04/02/2015   336 SAL 002-001156 04/02/2015 04/02/2015 Books
          Koleksioni i përgjithshem UBT - Lipjan UBT - Lipjan Koleksioni i përgjithshem 04/02/2015   336 SAL 002-001235 04/02/2015 04/02/2015 Books
          Koleksioni i përgjithshem UBT - Lipjan UBT - Lipjan Koleksioni i përgjithshem 04/02/2015   336 SAL 002-001230 04/02/2015 04/02/2015 Books
          Koleksioni i përgjithshem UBT - Lipjan UBT - Lipjan Koleksioni i përgjithshem 04/02/2015   336 SAL 002-001225 04/02/2015 04/02/2015 Books
          Koleksioni i përgjithshem UBT - Lipjan UBT - Lipjan Koleksioni i përgjithshem 04/02/2015   336 SAL 002-001220 04/02/2015 04/02/2015 Books
          Koleksioni i përgjithshem UBT - Lipjan UBT - Lipjan Koleksioni i përgjithshem 04/02/2015   336 SAL 002-001215 04/02/2015 04/02/2015 Books
          Koleksioni i përgjithshem UBT - Lipjan UBT - Lipjan Koleksioni i përgjithshem 04/02/2015   336 SAL 002-001210 04/02/2015 04/02/2015 Books
          Koleksioni i përgjithshem UBT - Lipjan UBT - Lipjan Koleksioni i përgjithshem 04/02/2015   336 SAL 002-001205 04/02/2015 04/02/2015 Books
          Koleksioni i përgjithshem UBT - Lipjan UBT - Lipjan Koleksioni i përgjithshem 04/02/2015   336 SAL 002-001200 04/02/2015 04/02/2015 Books
          Koleksioni i përgjithshem UBT - Lipjan UBT - Lipjan Koleksioni i përgjithshem 04/02/2015   336 SAL 002-001195 04/02/2015 04/02/2015 Books
          Koleksioni i përgjithshem UBT - Lipjan UBT - Lipjan Koleksioni i përgjithshem 04/02/2015   336 SAL 002-001190 04/02/2015 04/02/2015 Books
          Koleksioni i përgjithshem UBT - Lipjan UBT - Lipjan Koleksioni i përgjithshem 04/02/2015   336 SAL 002-001185 04/02/2015 04/02/2015 Books
          Koleksioni i përgjithshem UBT - Lipjan UBT - Lipjan Koleksioni i përgjithshem 04/02/2015   336 SAL 002-001180 04/02/2015 04/02/2015 Books
          Koleksioni i përgjithshem UBT - Lipjan UBT - Lipjan Koleksioni i përgjithshem 04/02/2015   336 SAL 002-001175 04/02/2015 04/02/2015 Books
          Koleksioni i përgjithshem UBT - Lipjan UBT - Lipjan Koleksioni i përgjithshem 04/02/2015   336 SAL 002-001234 04/02/2015 04/02/2015 Books
          Koleksioni i përgjithshem UBT - Lipjan UBT - Lipjan Koleksioni i përgjithshem 04/02/2015   336 SAL 002-001229 04/02/2015 04/02/2015 Books
          Koleksioni i përgjithshem UBT - Lipjan UBT - Lipjan Koleksioni i përgjithshem 04/02/2015   336 SAL 002-001224 04/02/2015 04/02/2015 Books
          Koleksioni i përgjithshem UBT - Lipjan UBT - Lipjan Koleksioni i përgjithshem 04/02/2015   336 SAL 002-001219 04/02/2015 04/02/2015 Books
          Koleksioni i përgjithshem UBT - Lipjan UBT - Lipjan Koleksioni i përgjithshem 04/02/2015   336 SAL 002-001214 04/02/2015 04/02/2015 Books
          Koleksioni i përgjithshem UBT - Lipjan UBT - Lipjan Koleksioni i përgjithshem 04/02/2015   336 SAL 002-001209 04/02/2015 04/02/2015 Books
          Koleksioni i përgjithshem UBT - Lipjan UBT - Lipjan Koleksioni i përgjithshem 04/02/2015   336 SAL 002-001204 04/02/2015 04/02/2015 Books
          Koleksioni i përgjithshem UBT - Lipjan UBT - Lipjan Koleksioni i përgjithshem 04/02/2015   336 SAL 002-001199 04/02/2015 04/02/2015 Books
          Koleksioni i përgjithshem UBT - Lipjan UBT - Lipjan Koleksioni i përgjithshem 04/02/2015   336 SAL 002-001194 04/02/2015 04/02/2015 Books
          Koleksioni i përgjithshem UBT - Lipjan UBT - Lipjan Koleksioni i përgjithshem 04/02/2015   336 SAL 002-001189 04/02/2015 04/02/2015 Books
          Koleksioni i përgjithshem UBT - Lipjan UBT - Lipjan Koleksioni i përgjithshem 04/02/2015   336 SAL 002-001184 04/02/2015 04/02/2015 Books
          Koleksioni i përgjithshem UBT - Lipjan UBT - Lipjan Koleksioni i përgjithshem 04/02/2015   336 SAL 002-001179 04/02/2015 04/02/2015 Books
          Koleksioni i përgjithshem UBT - Lipjan UBT - Lipjan Koleksioni i përgjithshem 04/02/2015   336 SAL 002-001174 04/02/2015 04/02/2015 Books
          Koleksioni i përgjithshem UBT - Lipjan UBT - Lipjan Koleksioni i përgjithshem 04/02/2015   336 SAL 002-001233 04/02/2015 04/02/2015 Books
          Koleksioni i përgjithshem UBT - Lipjan UBT - Lipjan Koleksioni i përgjithshem 04/02/2015   336 SAL 002-001228 04/02/2015 04/02/2015 Books
          Koleksioni i përgjithshem UBT - Lipjan UBT - Lipjan Koleksioni i përgjithshem 04/02/2015   336 SAL 002-001223 04/02/2015 04/02/2015 Books
          Koleksioni i përgjithshem UBT - Lipjan UBT - Lipjan Koleksioni i përgjithshem 04/02/2015   336 SAL 002-001218 04/02/2015 04/02/2015 Books
          Koleksioni i përgjithshem UBT - Lipjan UBT - Lipjan Koleksioni i përgjithshem 04/02/2015   336 SAL 002-001213 04/02/2015 04/02/2015 Books
          Koleksioni i përgjithshem UBT - Lipjan UBT - Lipjan Koleksioni i përgjithshem 04/02/2015   336 SAL 002-001208 04/02/2015 04/02/2015 Books
          Koleksioni i përgjithshem UBT - Lipjan UBT - Lipjan Koleksioni i përgjithshem 04/02/2015   336 SAL 002-001203 04/02/2015 04/02/2015 Books
          Koleksioni i përgjithshem UBT - Lipjan UBT - Lipjan Koleksioni i përgjithshem 04/02/2015   336 SAL 002-001198 04/02/2015 04/02/2015 Books
          Koleksioni i përgjithshem UBT - Lipjan UBT - Lipjan Koleksioni i përgjithshem 04/02/2015   336 SAL 002-001193 04/02/2015 04/02/2015 Books
          Koleksioni i përgjithshem UBT - Lipjan UBT - Lipjan Koleksioni i përgjithshem 04/02/2015   336 SAL 002-001188 04/02/2015 04/02/2015 Books
          Koleksioni i përgjithshem UBT - Lipjan UBT - Lipjan Koleksioni i përgjithshem 04/02/2015   336 SAL 002-001183 04/02/2015 04/02/2015 Books
          Koleksioni i përgjithshem UBT - Lipjan UBT - Lipjan Koleksioni i përgjithshem 04/02/2015   336 SAL 002-001178 04/02/2015 04/02/2015 Books
          Koleksioni i përgjithshem UBT - Lipjan UBT - Lipjan Koleksioni i përgjithshem 04/02/2015   336 SAL 002-001173 04/02/2015 04/02/2015 Books
          Koleksioni i përgjithshem UBT - Lipjan UBT - Lipjan Koleksioni i përgjithshem 04/02/2015   336 SAL 002-001232 04/02/2015 04/02/2015 Books
          Koleksioni i përgjithshem UBT - Lipjan UBT - Lipjan Koleksioni i përgjithshem 04/02/2015   336 SAL 002-001227 04/02/2015 04/02/2015 Books
          Koleksioni i përgjithshem UBT - Lipjan UBT - Lipjan Koleksioni i përgjithshem 04/02/2015   336 SAL 002-001222 04/02/2015 04/02/2015 Books
          Koleksioni i përgjithshem UBT - Lipjan UBT - Lipjan Koleksioni i përgjithshem 04/02/2015   336 SAL 002-001217 04/02/2015 04/02/2015 Books
          Koleksioni i përgjithshem UBT - Lipjan UBT - Lipjan Koleksioni i përgjithshem 04/02/2015   336 SAL 002-001212 04/02/2015 04/02/2015 Books
          Koleksioni i përgjithshem UBT - Lipjan UBT - Lipjan Koleksioni i përgjithshem 04/02/2015   336 SAL 002-001207 04/02/2015 04/02/2015 Books
          Koleksioni i përgjithshem UBT - Lipjan UBT - Lipjan Koleksioni i përgjithshem 04/02/2015   336 SAL 002-001202 04/02/2015 04/02/2015 Books
          Koleksioni i përgjithshem UBT - Lipjan UBT - Lipjan Koleksioni i përgjithshem 04/02/2015   336 SAL 002-001197 04/02/2015 04/02/2015 Books
          Koleksioni i përgjithshem UBT - Lipjan UBT - Lipjan Koleksioni i përgjithshem 04/02/2015   336 SAL 002-001192 04/02/2015 04/02/2015 Books
          Koleksioni i përgjithshem UBT - Lipjan UBT - Lipjan Koleksioni i përgjithshem 04/02/2015   336 SAL 002-001187 04/02/2015 04/02/2015 Books
          Koleksioni i përgjithshem UBT - Lipjan UBT - Lipjan Koleksioni i përgjithshem 04/02/2015   336 SAL 002-001182 04/02/2015 04/02/2015 Books
          Koleksioni i përgjithshem UBT - Lipjan UBT - Lipjan Koleksioni i përgjithshem 04/02/2015   336 SAL 002-001177 04/02/2015 04/02/2015 Books
          Koleksioni i përgjithshem UBT - Lipjan UBT - Lipjan Koleksioni i përgjithshem 04/02/2015   336 SAL 002-001172 04/02/2015 04/02/2015 Books
          Koleksioni i përgjithshem UBT - Lipjan UBT - Lipjan Koleksioni i përgjithshem 04/02/2015   336 SAL 002-001231 04/02/2015 04/02/2015 Books
          Koleksioni i përgjithshem UBT - Lipjan UBT - Lipjan Koleksioni i përgjithshem 04/02/2015   336 SAL 002-001226 04/02/2015 04/02/2015 Books
          Koleksioni i përgjithshem UBT - Lipjan UBT - Lipjan Koleksioni i përgjithshem 04/02/2015   336 SAL 002-001221 04/02/2015 04/02/2015 Books
          Koleksioni i përgjithshem UBT - Lipjan UBT - Lipjan Koleksioni i përgjithshem 04/02/2015   336 SAL 002-001216 04/02/2015 04/02/2015 Books
          Koleksioni i përgjithshem UBT - Lipjan UBT - Lipjan Koleksioni i përgjithshem 04/02/2015   336 SAL 002-001211 04/02/2015 04/02/2015 Books
          Koleksioni i përgjithshem UBT - Lipjan UBT - Lipjan Koleksioni i përgjithshem 04/02/2015   336 SAL 002-001206 04/02/2015 04/02/2015 Books
          Koleksioni i përgjithshem UBT - Lipjan UBT - Lipjan Koleksioni i përgjithshem 04/02/2015   336 SAL 002-001201 04/02/2015 04/02/2015 Books
          Koleksioni i përgjithshem UBT - Lipjan UBT - Lipjan Koleksioni i përgjithshem 04/02/2015   336 SAL 002-001196 04/02/2015 04/02/2015 Books
          Koleksioni i përgjithshem UBT - Lipjan UBT - Lipjan Koleksioni i përgjithshem 04/02/2015   336 SAL 002-001191 04/02/2015 04/02/2015 Books
          Koleksioni i përgjithshem UBT - Lipjan UBT - Lipjan Koleksioni i përgjithshem 04/02/2015   336 SAL 002-001186 04/02/2015 04/02/2015 Books
          Koleksioni i përgjithshem UBT - Lipjan UBT - Lipjan Koleksioni i përgjithshem 04/02/2015   336 SAL 002-001181 04/02/2015 04/02/2015 Books
          Koleksioni i përgjithshem UBT - Lipjan UBT - Lipjan Koleksioni i përgjithshem 04/02/2015   336 SAL 002-001176 04/02/2015 04/02/2015 Books
          Koleksioni i përgjithshem UBT - Lipjan UBT - Lipjan Koleksioni i përgjithshem 04/02/2015   336 SAL 002-001171 04/02/2015 04/02/2015 Books
          Koleksioni i përgjithshem UBT - Lipjan UBT - Lipjan Koleksioni i përgjithshem 04/02/2015   336 SAL 002-001155 04/02/2015 04/02/2015 Books
          Koleksioni i përgjithshem UBT - Lipjan UBT - Lipjan Koleksioni i përgjithshem 04/02/2015   336 SAL 002-001150 04/02/2015 04/02/2015 Books
          Koleksioni i përgjithshem UBT - Lipjan UBT - Lipjan Koleksioni i përgjithshem 04/02/2015   336 SAL 002-001154 04/02/2015 04/02/2015 Books
          Koleksioni i përgjithshem UBT - Lipjan UBT - Lipjan Koleksioni i përgjithshem 04/02/2015   336 SAL 002-001149 04/02/2015 04/02/2015 Books
          Koleksioni i përgjithshem UBT - Lipjan UBT - Lipjan Koleksioni i përgjithshem 04/02/2015   336 SAL 002-001144 04/02/2015 04/02/2015 Books
          Koleksioni i përgjithshem UBT - Lipjan UBT - Lipjan Koleksioni i përgjithshem 04/02/2015   336 SAL 002-001153 04/02/2015 04/02/2015 Books
          Koleksioni i përgjithshem UBT - Lipjan UBT - Lipjan Koleksioni i përgjithshem 04/02/2015   336 SAL 002-001148 04/02/2015 04/02/2015 Books
          Koleksioni i përgjithshem UBT - Lipjan UBT - Lipjan Koleksioni i përgjithshem 04/02/2015   336 SAL 002-001143 04/02/2015 04/02/2015 Books
          Koleksioni i përgjithshem UBT - Lipjan UBT - Lipjan Koleksioni i përgjithshem 04/02/2015   336 SAL 002-001152 04/02/2015 04/02/2015 Books
          Koleksioni i përgjithshem UBT - Lipjan UBT - Lipjan Koleksioni i përgjithshem 04/02/2015   336 SAL 002-001151 04/02/2015 04/02/2015 Books
          Koleksioni i përgjithshem UBT - Lipjan UBT - Lipjan Koleksioni i përgjithshem 04/07/2015   336 SAL 002-002518 04/07/2015 04/07/2015 Books
          Koleksioni i përgjithshem UBT - Lipjan UBT - Lipjan Koleksioni i përgjithshem 04/07/2015   336 SAL 002-002520 04/07/2015 04/07/2015 Books
          Koleksioni i përgjithshem UBT - Lipjan UBT - Lipjan Koleksioni i përgjithshem 04/07/2015   336 SAL   04/07/2015 04/07/2015 Books
          Koleksioni i përgjithshem UBT - Prishtine UBT - Prishtine Koleksioni i përgjithshem 05/26/2015   336 SAL   05/26/2015 05/26/2015 Books
UBT Library © 2015-2024. All rights reserved University Education for Business and Technology